Stockwell of Minneapolis : (Запис № 552582)

МАРК-запис
000 -LEADER
fixed length control field 01754cam a2200385 a 4500
001 - CONTROL NUMBER
control field stockwellofminne00ever
003 - CONTROL NUMBER IDENTIFIER
control field CaSfIA
005 - DATE AND TIME OF LATEST TRANSACTION
control field 20210119084544.0
007 - PHYSICAL DESCRIPTION FIXED FIELD--GENERAL INFORMATION
fixed length control field cr||||
008 - FIXED-LENGTH DATA ELEMENTS--GENERAL INFORMATION
fixed length control field 960909s1996 mnua b 001 0beng
010 ## - LIBRARY OF CONGRESS CONTROL NUMBER
LC control number 96041286
040 ## - CATALOGING SOURCE
Original cataloging agency DLC
Transcribing agency DLC
Modifying agency OCL
-- BAKER
-- BTCTA
-- OCLCG
-- HLS
-- CaSfIA
020 ## - INTERNATIONAL STANDARD BOOK NUMBER
International Standard Book Number 0878391037 (alk. paper)
020 ## - INTERNATIONAL STANDARD BOOK NUMBER
International Standard Book Number 9780878391035 (alk. paper)
035 ## - SYSTEM CONTROL NUMBER
System control number (OCoLC)35559079
043 ## - GEOGRAPHIC AREA CODE
Geographic area code n-us-mn
050 00 - LIBRARY OF CONGRESS CALL NUMBER
Classification number F606
Item number .S87 1996
082 00 - DEWEY DECIMAL CLASSIFICATION NUMBER
Classification number 977.6/04/092
Edition number 20
082 14 - DEWEY DECIMAL CLASSIFICATION NUMBER
Classification number B
Edition number 20
100 1# - MAIN ENTRY--PERSONAL NAME
Personal name Everts, William P.,
Dates associated with a name 1918-
245 10 - TITLE STATEMENT
Title Stockwell of Minneapolis :
Medium [electronic resource]
Remainder of title a pioneer of social and political conscience /
Statement of responsibility, etc William P. Everts, Jr.
260 ## - PUBLICATION, DISTRIBUTION, ETC. (IMPRINT)
Place of publication, distribution, etc St. Cloud, Minn. :
Name of publisher, distributor, etc North Star Press of St. Cloud,
Date of publication, distribution, etc c1996.
300 ## - PHYSICAL DESCRIPTION
Extent xv, 423 p. :
Other physical details ill. ;
Dimensions 23 cm.
504 ## - BIBLIOGRAPHY, ETC. NOTE
Bibliography, etc Includes bibliographical references (p. 395-402) and index.
506 ## - RESTRICTIONS ON ACCESS NOTE
Standardized terminology for access restriction Необхідна авторизація на https://archive.org/ (створення облікового запису безкоштовно)
506 ## - RESTRICTIONS ON ACCESS NOTE
Standardized terminology for access restriction Необхідна авторизація на https://openlibrary.org/ (створення облікового запису безкоштовно)
600 10 - SUBJECT ADDED ENTRY--PERSONAL NAME
Personal name Stockwell, Sylvanus Albert,
Dates associated with a name 1857-1943.
650 #0 - SUBJECT ADDED ENTRY--TOPICAL TERM
Topical term or geographic name as entry element Legislators
Geographic subdivision Minnesota
Form subdivision Biography.
610 10 - SUBJECT ADDED ENTRY--CORPORATE NAME
Corporate name or jurisdiction name as entry element Minnesota.
Subordinate unit Legislature
Form subdivision Biography.
650 #0 - SUBJECT ADDED ENTRY--TOPICAL TERM
Topical term or geographic name as entry element Social reformers
Geographic subdivision Minnesota
Form subdivision Biography.
651 #0 - SUBJECT ADDED ENTRY--GEOGRAPHIC NAME
Geographic name Minnesota
General subdivision Politics and government
Chronological subdivision 1858-1950.
856 41 - ELECTRONIC LOCATION AND ACCESS
Uniform Resource Identifier <a href="http://www.archive.org/details/stockwellofminne00ever">http://www.archive.org/details/stockwellofminne00ever</a>
Public note Free eBook from the Internet Archive
856 42 - ELECTRONIC LOCATION AND ACCESS
Uniform Resource Identifier <a href="http://www.openlibrary.org/books/OL1001991M">http://www.openlibrary.org/books/OL1001991M</a>
Public note Additional information and access via Open Library
942 ## - ADDED ENTRY ELEMENTS (KOHA)
Koha item type ЕКнига

Немає доступних примірників.